000
00264nam a22001097a 4500
082
_a
658.3 HAR'A
100
_a
HARDWICK, C. T,LONDUYT, B. F
_9
58502
245
_a
ADMINISTRATIVE STRATEGY
260
_a
NEWYORK
_b
SIMONS BOARDMAN
_c
1961
300
_a
519P
942
_c
BK
999
_c
568693
_d
568693